| 000 | nam a22 a 4500 | ||
|---|---|---|---|
| 999 |
_c685 _d685 |
||
| 003 | AKMAL | ||
| 005 | 20170504152019.0 | ||
| 008 | 170504 -uk 000 eng d | ||
| 020 | _a0226469743 | ||
| 040 | _aAKMAL | ||
| 082 | 0 | 4 | _a158.7 LEA |
| 090 |
_a158.7 _bLEA |
||
| 100 | 1 |
_aLeavitt, Harold J. _91465 |
|
| 245 | 1 | 0 |
_aManagerial psychology : _ban introduction to individuals, pairs, and groups in organizations / _cHarold J. Leavitt. |
| 250 | _a4th ed. | ||
| 260 |
_aChicago : _bUniversity of Chicago Press, _c1978. |
||
| 300 | 0 | 0 |
_a385p. _ccm |
| 942 |
_2ddc _cBOOK |
||